000
00454nam a2200133Ia 4500
008
100328s9999 xx 000 0 und d
082
_b
54197
100
_a
कोप्पीकर गौ.रा.
245
_a
भाजीपाल्यांची लागवड
260
_b
उदयम
630
_a
भाजीपाल्यांची लागवड
730
_a
भाजीपाल्यांची लागवड
942
_c
BOOK
999
_c
540917
_d
540914